Tableaux de la vie arabe / (Record no. 150727)

MARC details
000 -LEADER
campo de control de longitud fija 00584nam a2200181 i 4500
001 - NÚMERO DE CONTROL
campo de control 150727
003 - IDENTIFICADOR DE NÚMERO DE CONTROL
campo de control ES-MaACL
005 - FECHA Y HORA DE LA ÚLTIMA TRANSACCIÓN
campo de control 20230906203651.0
007 - CAMPO FIJO DE DESCRIPCIÓN FÍSICA--INFORMACIÓN GENERAL
campo de control de longitud fija t|
008 - DATOS DE LONGITUD FIJA--INFORMACIÓN GENERAL
campo de control de longitud fija 071107s1925 fr ||||1| fre d
100 1# - ENTRADA PRINCIPAL--NOMBRE DE PERSONA
Nombre de persona Dinet, Etienne.
9 (RLIN) 44836
245 10 - MENCIÓN DEL TÍTULO
Título Tableaux de la vie arabe /
Mención de responsabilidad, etc. composition de E. Dinet ; commentées par Sliman ben.
260 ## - PUBLICACIÓN, DISTRIBUCIÓN, ETC.
Lugar de publicación, distribución, etc. Paris :
Nombre del editor, distribuidor, etc. L'Édition d'art,
Fecha de publicación, distribución, etc. [1925?]
300 ## - DESCRIPCIÓN FÍSICA
Extensión 143 p., [24] h. de lám. ;
Dimensiones 20 cm.
500 ## - NOTA GENERAL
Nota general La Biblioteca Nacional de Francia lo fecha en 1925.
700 1# - ENTRADA AGREGADA--NOMBRE PERSONAL
Nombre de persona Sliman ben Ibrahim.
9 (RLIN) 106783
852 ## - LOCALIZACIÓN
Ubicación ES-MaACL
Número de control de estantería F-12576
Holdings
Estatus retirado Estado de pérdida Estado de daño No para préstamo Biblioteca de origen Biblioteca actual Ubicación en estantería Fecha de adquisición Fuente de adquisición Total de préstamos Signatura topográfica completa Código de barras Visto por última vez Precio de reemplazo Tipo de ítem Koha
        Biblioteca del Ateneo de Madrid Biblioteca del Ateneo de Madrid Sala Pecera Planta 2 17/01/2008     F-12576 1157276 23/02/2023 23/02/2023 Libro impreso